000 00335 a2200145 4500
001 161930
020 _a
040 _cMagnum
100 _aHermoso, A. Gonzalez
240 1 0 _aGramatica de espanol lengua extranjera
_lESP
245 1 0 _aGramatica de espanol lengua extranjera
362 0 _a1899
697 _aGRAMATICA
942 _cBK
999 _c161930
_d161930